|
|
|
|
| LEADER |
00663naa a2200169 i 4500 |
| 001 |
publ11697 |
| 005 |
20200226105137.0 |
| 008 |
170703s1992 hu o 0|| zxx d |
| 024 |
7 |
|
|a 1152781
|2 mtmt
|
| 040 |
|
|
|a SZTE Publicatio Repozitórium
|b hun
|
| 041 |
|
|
|a zxx
|
| 100 |
1 |
|
|a Csapó Benő
|
| 245 |
1 |
0 |
|a Improving Operational Abilities in Children
|h [elektronikus dokumentum] /
|c Csapó Benő
|
| 260 |
|
|
|a Routledge
|b London
|c 1992
|
| 300 |
|
|
|a 144-159
|
| 490 |
0 |
|
|a Neo-Piagetian Theories of Cognitive Development. Implications and applications for education
|
| 856 |
4 |
0 |
|u http://publicatio.bibl.u-szeged.hu/11697/1/1992_Csapo_ImprovingOperationalAbilities.pdf
|z Dokumentum-elérés
|